=LDR 00000nam 2200000 4500 =001 INLIS000000000041011 =005 20130612150550 =008 ***********************************Ind** =035 ##$$0010-061300000041011 =041 ##$$a Ind =082 ##$$a 658.812 =090 ##$$a 658.812, Lud g =100 ##$$a Ludino, Luthfie =245 ##$$a Getting into your customer's heart, Luthfie Ludino =260 ##$$a 2008 $b Jakarta =300 ##$$a ix, 126 hlm, ilus6c21 cm =650 ##$$a Pelanggan =850 ##$$a NBPNMAT =990 ##$$a 21602141/BPAP-NTB/2017